Länder, die Ägypten am Nächsten Liegen - Statistiken

Allgemein
  • Dieses Quiz wurde 224 mal gespielt
  • Das Durchschnittsergebnis liegt bei 15 aus 20
Antwortstatistiken
Km Land % Korrekt
0 Libyen
98%
0 Sudan
97%
15 Saudi-Arabien
96%
0 Israel
95%
7 Jordanien
86%
202 Syrien
85%
835 Jemen
84%
214 Libanon
84%
504 Türkei
84%
364 Griechenland
83%
478 Eritrea
78%
352 Zypern
78%
293 Tschad
77%
469 Irak
74%
799 Äthiopien
68%
1071 Italien
63%
0 Palästina
57%
993 Albanien
48%
952 Niger
45%
1065 Bulgarien
39%
Keine übereinstimmenden Quizze gefunden
Verteilung der Resultate
Anzahl Personen mit jedem Resultat
Perzentil nach korrekt beantworteten Fragen
Ihre Resultats-Entwicklung
Sie haben dieses Quiz noch nicht gespielt